000 01631nam a22004097a 4500
003 CHAP
005 20220329143607.0
008 100805s2010 mx r 00010 spa d
010 _a99001
011 _a99973
035 _a110659
040 _cCHAP
090 _aTesis
100 1 _aEspinioza Altamirano, David
_937873
245 1 0 _aSensibilidad de cepas de Colletotrichum acutatum Simmonds a fungicidas bencimidazoles y estrobirulinas, aisladas del cultivo de fresa en Michoacán, Méx.
_c/por David Espinoza Altamirano
260 _aChapingo, Méx. :
_bEl autor,
_c2010
300 _av, 87 h. :
_bilus., gráfs.
502 _aTesis (M.C. en Protección Vegetal) -- UACH. Departamento de Parasitología Agrícola
530 _aTambién disponible en línea
590 _aALEPH
_b10
_c20130110
_lUCH01
_h1535
590 _aBATCH-UPD
_b10
_c20130110
_lUCH01
_h1453
590 _aBATCH-UPD
_b10
_c20130410
_lUCH01
_h0919
590 _aBATCH-UPD
_b10
_c20130914
_lUCH01
_h1010
590 _aBATCH-UPD
_b10
_c20140324
_lUCH01
_h1519
590 _aBATCH-UPD
_b10
_c20141002
_lUCH01
_h0844
590 _aCONVERSION
_b10
_c20130109
_lUCH01
_h1355
650 1 4 _aAntracnosis de la fresa.
_96114
650 1 4 _aColletotrichum.
_925250
650 1 4 _aCultivos
_xZonas de
_zMichoacán.
_930360
650 1 4 _aFresa
_xEnfermedades.
_943202
650 1 4 _aFungicidas.
_944044
856 _3Finding aid
_uhttp://10.13.5.2/tesis/110659.pdf
_zTeclea aqui
901 _aBK
942 _cFOLL
949 _aTesis
_bBC
_cTES
_d33724002215149
_eTS1
_gDonaciØn
_h50920
_i110659
_sb
949 _aTesis
_bBC
_cTES
_d33724002215181
_eTS2
_fc.2
_gDonaciØn
_h50921
_i110659
_st
999 _c99001
_d99001